<?xml version="1.0" encoding="UTF-8"?>
<record
    xmlns:xsi="http://www.w3.org/2001/XMLSchema-instance"
    xsi:schemaLocation="http://www.loc.gov/MARC21/slim http://www.loc.gov/standards/marcxml/schema/MARC21slim.xsd"
    xmlns="http://www.loc.gov/MARC21/slim">

  <leader>00330nam a2200145Ia 4500</leader>
  <controlfield tag="003">OSt</controlfield>
  <controlfield tag="005">20240223110524.0</controlfield>
  <controlfield tag="008">170524s9999    xx            000 0 und d</controlfield>
  <datafield tag="020" ind1=" " ind2=" ">
    <subfield code="a">978-9325986688</subfield>
  </datafield>
  <datafield tag="040" ind1=" " ind2=" ">
    <subfield code="c">IIMT UNIVERSITY</subfield>
  </datafield>
  <datafield tag="100" ind1=" " ind2=" ">
    <subfield code="a">Dwievdi DN</subfield>
  </datafield>
  <datafield tag="245" ind1=" " ind2="0">
    <subfield code="a">Managerial Economics</subfield>
  </datafield>
  <datafield tag="260" ind1=" " ind2=" ">
    <subfield code="a">Noida Vikas</subfield>
  </datafield>
  <datafield tag="942" ind1=" " ind2=" ">
    <subfield code="2">ddc</subfield>
    <subfield code="c">01</subfield>
  </datafield>
  <datafield tag="999" ind1=" " ind2=" ">
    <subfield code="c">2986</subfield>
    <subfield code="d">2986</subfield>
  </datafield>
  <datafield tag="952" ind1=" " ind2=" ">
    <subfield code="0">0</subfield>
    <subfield code="1">0</subfield>
    <subfield code="2">ddc</subfield>
    <subfield code="4">0</subfield>
    <subfield code="7">0</subfield>
    <subfield code="a">01</subfield>
    <subfield code="b">15</subfield>
    <subfield code="d">2017-05-26</subfield>
    <subfield code="p">01-B-22550</subfield>
    <subfield code="r">2017-05-26</subfield>
    <subfield code="u">MANAGEMENT</subfield>
    <subfield code="w">2017-05-26</subfield>
    <subfield code="y">02</subfield>
  </datafield>
  <datafield tag="952" ind1=" " ind2=" ">
    <subfield code="0">0</subfield>
    <subfield code="1">0</subfield>
    <subfield code="2">ddc</subfield>
    <subfield code="4">0</subfield>
    <subfield code="7">0</subfield>
    <subfield code="a">01</subfield>
    <subfield code="b">01</subfield>
    <subfield code="d">2017-05-26</subfield>
    <subfield code="l">3</subfield>
    <subfield code="m">1</subfield>
    <subfield code="p">01-B-22551</subfield>
    <subfield code="r">2021-03-23</subfield>
    <subfield code="s">2020-11-26</subfield>
    <subfield code="u">MANAGEMENT</subfield>
    <subfield code="w">2017-05-26</subfield>
    <subfield code="y">20</subfield>
    <subfield code="z">Central Library to DDUMC Library Permanent Transfer</subfield>
  </datafield>
  <datafield tag="952" ind1=" " ind2=" ">
    <subfield code="0">0</subfield>
    <subfield code="1">0</subfield>
    <subfield code="2">ddc</subfield>
    <subfield code="4">0</subfield>
    <subfield code="7">0</subfield>
    <subfield code="a">01</subfield>
    <subfield code="b">01</subfield>
    <subfield code="d">2017-05-26</subfield>
    <subfield code="p">01-B-22552</subfield>
    <subfield code="r">2017-05-26</subfield>
    <subfield code="u">MANAGEMENT</subfield>
    <subfield code="w">2017-05-26</subfield>
    <subfield code="y">02</subfield>
  </datafield>
  <datafield tag="952" ind1=" " ind2=" ">
    <subfield code="0">0</subfield>
    <subfield code="1">0</subfield>
    <subfield code="2">ddc</subfield>
    <subfield code="4">0</subfield>
    <subfield code="7">0</subfield>
    <subfield code="a">01</subfield>
    <subfield code="b">01</subfield>
    <subfield code="d">2017-05-26</subfield>
    <subfield code="p">01-B-22553</subfield>
    <subfield code="r">2017-05-26</subfield>
    <subfield code="u">MANAGEMENT</subfield>
    <subfield code="w">2017-05-26</subfield>
    <subfield code="y">20</subfield>
    <subfield code="z">Central Library to DDUMC Library Permanent Transfer</subfield>
  </datafield>
  <datafield tag="952" ind1=" " ind2=" ">
    <subfield code="0">0</subfield>
    <subfield code="1">0</subfield>
    <subfield code="2">ddc</subfield>
    <subfield code="4">0</subfield>
    <subfield code="7">0</subfield>
    <subfield code="a">01</subfield>
    <subfield code="b">15</subfield>
    <subfield code="d">2017-05-26</subfield>
    <subfield code="p">01-B-22554</subfield>
    <subfield code="r">2017-05-26</subfield>
    <subfield code="u">MANAGEMENT</subfield>
    <subfield code="w">2017-05-26</subfield>
    <subfield code="y">02</subfield>
  </datafield>
  <datafield tag="952" ind1=" " ind2=" ">
    <subfield code="0">0</subfield>
    <subfield code="1">0</subfield>
    <subfield code="2">ddc</subfield>
    <subfield code="4">0</subfield>
    <subfield code="7">0</subfield>
    <subfield code="a">01</subfield>
    <subfield code="b">01</subfield>
    <subfield code="d">2017-05-26</subfield>
    <subfield code="l">3</subfield>
    <subfield code="p">01-B-22555</subfield>
    <subfield code="r">2023-02-17</subfield>
    <subfield code="s">2022-10-06</subfield>
    <subfield code="u">MANAGEMENT</subfield>
    <subfield code="w">2017-05-26</subfield>
    <subfield code="y">02</subfield>
  </datafield>
  <datafield tag="952" ind1=" " ind2=" ">
    <subfield code="0">0</subfield>
    <subfield code="1">0</subfield>
    <subfield code="2">ddc</subfield>
    <subfield code="4">0</subfield>
    <subfield code="7">0</subfield>
    <subfield code="a">01</subfield>
    <subfield code="b">01</subfield>
    <subfield code="d">2017-05-26</subfield>
    <subfield code="p">01-B-22556</subfield>
    <subfield code="r">2017-05-26</subfield>
    <subfield code="u">MANAGEMENT</subfield>
    <subfield code="w">2017-05-26</subfield>
    <subfield code="y">02</subfield>
  </datafield>
  <datafield tag="952" ind1=" " ind2=" ">
    <subfield code="0">0</subfield>
    <subfield code="1">0</subfield>
    <subfield code="2">ddc</subfield>
    <subfield code="4">0</subfield>
    <subfield code="7">0</subfield>
    <subfield code="a">01</subfield>
    <subfield code="b">01</subfield>
    <subfield code="d">2017-05-26</subfield>
    <subfield code="l">2</subfield>
    <subfield code="p">01-B-22557</subfield>
    <subfield code="r">2020-12-05</subfield>
    <subfield code="s">2020-12-05</subfield>
    <subfield code="u">MANAGEMENT</subfield>
    <subfield code="w">2017-05-26</subfield>
    <subfield code="y">20</subfield>
    <subfield code="z">Central Library to DDUMC Library Permanent Transfer</subfield>
  </datafield>
  <datafield tag="952" ind1=" " ind2=" ">
    <subfield code="0">0</subfield>
    <subfield code="1">0</subfield>
    <subfield code="2">ddc</subfield>
    <subfield code="4">0</subfield>
    <subfield code="7">0</subfield>
    <subfield code="a">01</subfield>
    <subfield code="b">01</subfield>
    <subfield code="d">2017-05-26</subfield>
    <subfield code="l">1</subfield>
    <subfield code="p">01-B-22558</subfield>
    <subfield code="r">2019-07-01</subfield>
    <subfield code="s">2019-07-01</subfield>
    <subfield code="u">MANAGEMENT</subfield>
    <subfield code="w">2017-05-26</subfield>
    <subfield code="y">02</subfield>
  </datafield>
  <datafield tag="952" ind1=" " ind2=" ">
    <subfield code="0">0</subfield>
    <subfield code="1">0</subfield>
    <subfield code="2">ddc</subfield>
    <subfield code="4">0</subfield>
    <subfield code="7">0</subfield>
    <subfield code="a">01</subfield>
    <subfield code="b">01</subfield>
    <subfield code="d">2017-05-26</subfield>
    <subfield code="l">1</subfield>
    <subfield code="p">01-B-22559</subfield>
    <subfield code="r">2023-02-20</subfield>
    <subfield code="s">2022-11-24</subfield>
    <subfield code="u">MANAGEMENT</subfield>
    <subfield code="w">2017-05-26</subfield>
    <subfield code="y">02</subfield>
  </datafield>
  <datafield tag="952" ind1=" " ind2=" ">
    <subfield code="0">0</subfield>
    <subfield code="1">0</subfield>
    <subfield code="2">ddc</subfield>
    <subfield code="4">0</subfield>
    <subfield code="7">0</subfield>
    <subfield code="a">01</subfield>
    <subfield code="b">15</subfield>
    <subfield code="d">2017-05-26</subfield>
    <subfield code="p">01-B-22560</subfield>
    <subfield code="r">2017-05-26</subfield>
    <subfield code="u">MANAGEMENT</subfield>
    <subfield code="w">2017-05-26</subfield>
    <subfield code="y">02</subfield>
  </datafield>
  <datafield tag="952" ind1=" " ind2=" ">
    <subfield code="0">0</subfield>
    <subfield code="1">0</subfield>
    <subfield code="2">ddc</subfield>
    <subfield code="4">0</subfield>
    <subfield code="7">0</subfield>
    <subfield code="a">01</subfield>
    <subfield code="b">01</subfield>
    <subfield code="d">2017-05-26</subfield>
    <subfield code="l">3</subfield>
    <subfield code="p">01-B-22561</subfield>
    <subfield code="r">2025-02-05</subfield>
    <subfield code="s">2024-11-25</subfield>
    <subfield code="u">MANAGEMENT</subfield>
    <subfield code="w">2017-05-26</subfield>
    <subfield code="y">02</subfield>
  </datafield>
  <datafield tag="952" ind1=" " ind2=" ">
    <subfield code="0">0</subfield>
    <subfield code="1">0</subfield>
    <subfield code="2">ddc</subfield>
    <subfield code="4">0</subfield>
    <subfield code="7">0</subfield>
    <subfield code="a">01</subfield>
    <subfield code="b">15</subfield>
    <subfield code="d">2017-05-26</subfield>
    <subfield code="p">01-B-22562</subfield>
    <subfield code="r">2017-05-26</subfield>
    <subfield code="u">MANAGEMENT</subfield>
    <subfield code="w">2017-05-26</subfield>
    <subfield code="y">02</subfield>
  </datafield>
  <datafield tag="952" ind1=" " ind2=" ">
    <subfield code="0">0</subfield>
    <subfield code="1">0</subfield>
    <subfield code="2">ddc</subfield>
    <subfield code="4">0</subfield>
    <subfield code="7">0</subfield>
    <subfield code="a">01</subfield>
    <subfield code="b">01</subfield>
    <subfield code="d">2017-05-26</subfield>
    <subfield code="p">01-B-22563</subfield>
    <subfield code="r">2017-05-26</subfield>
    <subfield code="u">MANAGEMENT</subfield>
    <subfield code="w">2017-05-26</subfield>
    <subfield code="y">20</subfield>
    <subfield code="z">Central Library to DDUMC Library Permanent Transfer</subfield>
  </datafield>
  <datafield tag="952" ind1=" " ind2=" ">
    <subfield code="0">0</subfield>
    <subfield code="1">0</subfield>
    <subfield code="2">ddc</subfield>
    <subfield code="4">0</subfield>
    <subfield code="7">0</subfield>
    <subfield code="a">01</subfield>
    <subfield code="b">01</subfield>
    <subfield code="d">2017-05-26</subfield>
    <subfield code="p">01-B-22564</subfield>
    <subfield code="r">2017-05-26</subfield>
    <subfield code="u">MANAGEMENT</subfield>
    <subfield code="w">2017-05-26</subfield>
    <subfield code="y">02</subfield>
  </datafield>
</record>
